The appeal [sound recording] / John Grisham.
John Grisham is now an institution -- a writer whose bestselling status is assured, So assured, in fact, that expectations for each new book are as high as can be imagined. Does The Appeal make the grade? And will it appeal to Grisham admirers -- or disappoint them?
Record details
- ISBN: 9780739316535
- ISBN: 0739316532
- ISBN: 1415943583
- ISBN: 9781415943588
- Physical Description: 10 audio discs (approximately 12 1/2 hr.) ; 4 3/4 in.
- Edition: Unabridged.
- Publisher: New York : Random House Audio, p2008.
Content descriptions
| General Note: | Compact discs. |
Search for related items by subject
| Genre: | Legal stories. |
Available copies
- 1 of 1 copy available at scottsboropl.
Holds
- 0 current holds with 1 total copy.
Other Formats and Editions
Show Only Available Copies
| Location | Call Number / Copy Notes | Barcode | Shelving Location | Status | Due Date |
|---|---|---|---|---|---|
| scottsboropl | BK/CD Gri | 32269001121915 | Adult - Audiobook | Available | - |
| LDR | 01637pim a2200409 a 4500 | ||
|---|---|---|---|
| 001 | 120092 | ||
| 003 | SBPL | ||
| 005 | 20140703090841.0 | ||
| 007 | sd fungnnmpnnd | ||
| 008 | 080122s2008 nyunnn f eng d | ||
| 020 | . | ‡a9780739316535 | |
| 020 | . | ‡a0739316532 | |
| 020 | . | ‡a1415943583 | |
| 020 | . | ‡a9781415943588 | |
| 024 | 1 | . | ‡aCB595 |
| 024 | 8 | . | ‡z9780739316535 |
| 028 | 0 | 2. | ‡aRHCD 2281 ‡bRandom House Audio |
| 035 | . | ‡a(CONS)120092 | |
| 035 | . | ‡a(OCoLC)191050398 ‡z(OCoLC)213386290 ‡z(OCoLC)751428574 ‡z(OCoLC)962209969 ‡z(OCoLC)962220552 ‡z(OCoLC)965591404 ‡z(OCoLC)966397022 ‡z(OCoLC)970669579 ‡z(OCoLC)970726467 ‡z(OCoLC)970742631 ‡z(OCoLC)970933921 ‡z(OCoLC)1001350132 ‡z(OCoLC)1003364238 ‡z(OCoLC)1004884299 ‡z(OCoLC)1005812286 ‡z(OCoLC)1014271888 ‡z(OCoLC)1020425964 ‡z(OCoLC)1020451555 ‡z(OCoLC)1037492484 ‡z(OCoLC)1043702360 ‡z(OCoLC)1057398854 ‡z(OCoLC)1083817368 ‡z(OCoLC)1102256067 ‡z(OCoLC)1104469921 ‡z(OCoLC)1233215907 ‡z(OCoLC)1237716998 ‡z(OCoLC)1258046804 ‡z(OCoLC)1261787089 ‡z(OCoLC)1265411674 ‡z(OCoLC)1267599007 ‡z(OCoLC)1268522800 ‡z(OCoLC)1302401793 | |
| 050 | 0 | 0. | ‡aPS3557.R5355 ‡bA86 2008 |
| 082 | 0 | 4. | ‡a813.54 |
| 100 | 1 | . | ‡aGrisham, John. : ‡eauthor |
| 245 | 1 | 4. | ‡aThe appeal ‡h[sound recording] / ‡cJohn Grisham. |
| 250 | . | ‡aUnabridged. | |
| 260 | . | ‡aNew York : ‡bRandom House Audio, ‡cp2008. | |
| 300 | . | ‡a10 audio discs (approximately 12 1/2 hr.) ; ‡c4 3/4 in. | |
| 306 | . | ‡a123000 | |
| 336 | . | ‡aspoken word ‡bspw ‡2rdacontent | |
| 337 | . | ‡aaudio ‡bs ‡2rdamedia | |
| 338 | . | ‡aaudio disc ‡bsd ‡2rdacarrier | |
| 344 | . | ‡adigital ‡2rdatr | |
| 344 | . | ‡boptical ‡2rdarm | |
| 500 | . | ‡aCompact discs. | |
| 520 | . | ‡aJohn Grisham is now an institution -- a writer whose bestselling status is assured, So assured, in fact, that expectations for each new book are as high as can be imagined. Does The Appeal make the grade? And will it appeal to Grisham admirers -- or disappoint them? | |
| The | s | t. | ‡aakes in the novel's plot are high: corporate crime on the largest scale. The duo of lawyers at the centre of the narrative are Mary and Wes Grace, who succeed in a multimillion dollar case against a chemical company, who have polluted a town with dumped toxic waste. A slew of agonising deaths have followed this, but lawyers for the chemical company appeal, and a variety of legal shenanigans are employed -- and it is certainly not clear which way the scales of justice will be finally balanced. |
| 650 | 0. | ‡aChemical industry ‡vFiction. | |
| 650 | 0. | ‡aChemical industry ‡xWaste disposal ‡xEnvironmental aspects ‡vFiction. | |
| 650 | 0. | ‡aTrials (Offenses against the environment) ‡vFiction. | |
| 650 | 0. | ‡aCorporations ‡xCorrupt practices ‡vFiction. | |
| 651 | 0. | ‡aMississippi ‡vFiction. | |
| 651 | 0. | ‡aWall Street (New York, N.Y.) ‡vFiction. | |
| 650 | 0. | ‡aPolitical fiction. | |
| 650 | 0. | ‡aAudiobooks. | |
| 655 | 7. | ‡aLegal stories. ‡2gsafd | |
| 700 | 1 | . | ‡aBeck, Michael, ‡d1949- |
| 901 | . | ‡a120092 ‡bUnknown ‡c120092 ‡tbiblio | |